000 00561nam a2200193Ia 4500
005 20250508150422.0
008 008 250505s9999 xx 000 0 eng d
037 _aTextual
040 _aFEDL
_beng
_cFEDL
041 _aeng
_2eng
084 _a372.2, FLE
_qFEDL
100 _aFletcher S S F
_9756647
245 0 _aFroebel's chief writings on education: Rendered into english
260 _aLondon, UK
_bEdward Arnold and Co.
300 _axx,246p.
700 _a Welton J
_9756648
942 _cTEXL
_h372.2, FLE
999 _c1323544
_d1323544